header

Cyclic [beta]-keto esters (Record no. 62294)

MARC details
000 -LEADER
fixed length control field 01391nam a2200361 a 4500
082 04 - DEWEY DECIMAL CLASSIFICATION NUMBER
Classification number 547/.638
100 1# - MAIN ENTRY--AUTHOR NAME
Personal name Metwally, M. A.
245 10 - TITLE STATEMENT
Title Cyclic [beta]-keto esters
260 ## - PUBLICATION, DISTRIBUTION, ETC. (IMPRINT)
Place of publication Hauppauge, N.Y. :
Name of publisher Nova Science Publishers,
Year of publication c2010.
300 ## - PHYSICAL DESCRIPTION
Number of Pages 111 p. :
Other physical details ill.
490 1# - SERIES STATEMENT
Series statement Chemistry research and applications series
650 #0 - SUBJECT ADDED ENTRY--TOPICAL TERM
Topical Term Ketones.
Topical Term Esters.
Topical Term Organic cyclic compounds.
700 1# - ADDED ENTRY--PERSONAL NAME
Personal name Sadek, E. G.
856 40 - ELECTRONIC LOCATION AND ACCESS
Uniform Resource Identifier http://site.ebrary.com/lib/rucke/Doc?id=10671113

No items available.

© 2026 Rongo University
Contact us: librarian | system librarian | Rongo university